<?xml version="1.0" encoding="UTF-8"?>
<record
    xmlns:xsi="http://www.w3.org/2001/XMLSchema-instance"
    xsi:schemaLocation="http://www.loc.gov/MARC21/slim http://www.loc.gov/standards/marcxml/schema/MARC21slim.xsd"
    xmlns="http://www.loc.gov/MARC21/slim">

  <leader>00917    a2200241   4500</leader>
  <controlfield tag="005">20081103112826.0</controlfield>
  <controlfield tag="008">081103t        xxu||||| |||| 00| 0 urd 0</controlfield>
  <datafield tag="010" ind1=" " ind2=" ">
    <subfield code="a">UR-7269</subfield>
  </datafield>
  <datafield tag="020" ind1=" " ind2=" ">
    <subfield code="c">200.00</subfield>
  </datafield>
  <datafield tag="035" ind1=" " ind2=" ">
    <subfield code="a">U-5820</subfield>
  </datafield>
  <datafield tag="037" ind1=" " ind2=" ">
    <subfield code="b">D.B.Act/pub</subfield>
  </datafield>
  <datafield tag="082" ind1=" " ind2=" ">
    <subfield code="a">841.</subfield>
  </datafield>
  <datafield tag="100" ind1=" " ind2=" ">
    <subfield code="a">&#x634;&#x6A9;&#x64A;&#x644; &#x62F;&#x633;&#x646;&#x648;&#x6CC;</subfield>
  </datafield>
  <datafield tag="245" ind1=" " ind2=" ">
    <subfield code="a">&#x62F;&#x644; &#x646;&#x627; &#x622;&#x634;&#x646;&#x627; /</subfield>
    <subfield code="c">&#x627;&#x632; &#x634;&#x6A9;&#x64A;&#x644; &#x62F;&#x633;&#x646;&#x648;&#x6CC;</subfield>
  </datafield>
  <datafield tag="246" ind1=" " ind2=" ">
    <subfield code="a">Dil-E-Na Ashna</subfield>
    <subfield code="b"> by Sayed Shakeel Desnavi</subfield>
  </datafield>
  <datafield tag="260" ind1=" " ind2=" ">
    <subfield code="a">&#x645;&#x645;&#x628;&#x626;</subfield>
    <subfield code="b">&#x627;&#x64A;&#x688; &#x634;&#x648;&#x679; &#x67E;&#x628;&#x644;&#x64A;&#x6A9;&#x64A;&#x634;&#x646;&#x632;</subfield>
    <subfield code="c">2006</subfield>
  </datafield>
  <datafield tag="270" ind1=" " ind2=" ">
    <subfield code="a">104-B,Asmita Ascon IIINaya Nagar Mira Road</subfield>
    <subfield code="b">&#x645;&#x64A;&#x645;&#x628;&#x626;</subfield>
    <subfield code="e">4011071</subfield>
    <subfield code="k">28110972</subfield>
  </datafield>
  <datafield tag="300" ind1=" " ind2=" ">
    <subfield code="a">272 &#x635;</subfield>
    <subfield code="b">22      &#x633;&#x64A;&#x646;&#x679;&#x6CC; &#x645;&#x64A;&#x679;&#x631;</subfield>
  </datafield>
  <datafield tag="650" ind1=" " ind2=" ">
    <subfield code="a">&#x634;&#x627; &#x639;&#x631; &#x6CC;</subfield>
  </datafield>
  <datafield tag="700" ind1=" " ind2=" ">
    <subfield code="a">&#x627;&#x637;&#x6C1;&#x631; &#x639;&#x632;&#x64A;&#x632;</subfield>
  </datafield>
  <datafield tag="942" ind1=" " ind2=" ">
    <subfield code="a">dpl</subfield>
    <subfield code="c">UR</subfield>
    <subfield code="2">ddc</subfield>
    <subfield code="h">841.08 </subfield>
    <subfield code="m">&#x635;  &#x646;</subfield>
  </datafield>
  <datafield tag="999" ind1=" " ind2=" ">
    <subfield code="c">1513</subfield>
    <subfield code="d">1513</subfield>
  </datafield>
  <datafield tag="952" ind1=" " ind2=" ">
    <subfield code="0">0</subfield>
    <subfield code="1">0</subfield>
    <subfield code="2">ddc</subfield>
    <subfield code="4">0</subfield>
    <subfield code="7">1</subfield>
    <subfield code="8">NFIC</subfield>
    <subfield code="a">DBAD</subfield>
    <subfield code="b">DBAD</subfield>
    <subfield code="d">2008-11-03</subfield>
    <subfield code="g">200.00</subfield>
    <subfield code="l">0</subfield>
    <subfield code="o">841.08  &#x635;  &#x646;</subfield>
    <subfield code="p">U-5820</subfield>
    <subfield code="r">2008-09-15 00:00:00</subfield>
    <subfield code="u">1591</subfield>
    <subfield code="v">200.00</subfield>
    <subfield code="w">2008-09-15</subfield>
    <subfield code="y">UR</subfield>
  </datafield>
</record>
